000 00775nas a2200241 4500
001 BR9503989
003 BR-BrBNA
005 20231205094130.0
007 ta
008 230509b bl.|||p| |||| 00| 00por d
040 _aBR-BrBNA
_bpor
_cBiblioteca Nacional de Agricultura
041 _a(Pt)
072 _aL73
100 1 _aBottger, K.B.
100 1 _aReis, R.
100 1 _aFigueiredo, J.B.
245 1 _aPesquisa do virus da doenca de Aujeszky em tonsila palatina, baco, cerebro e pulmao dos suinos
650 _aSUÍNO
650 _aDoenca de Aujeszky
773 0 _tArquivos da Escola de Veterinaria da Universidade Federal de Minas Gerais (Brazil)
_x
_g(1972), v. 24(2) p. 179-181
_wBR9503989
909 _a202311
_bLúcia
_c55
_dLúcia Elande
942 _2AGRIS
_n0
_cANA
999 _c142257
_d142257